000 01602nam a22002774a 4500
001 UTEA
005 20251001091034.0
006 g||||gr||||||01 nz
007 ta
008 250930b es ||||| |||| 00| 0 spa d
020 _a9788436273816
040 _aUTEA
041 _aspa
082 _a628.52
_bM96 2018
100 _aMuñoz Camacho, Eugenio
_eAutor
245 _aIngeniería del medio ambiente /
_cEugenio Muñoz Camacho
_h[Texto Impreso]
250 _aPrimera edición
260 _aEspaña
_bEditorial Masquelibros S.L.
_c2018
300 _a467 paginas
_bfiguras , cuadros y tablas
_c17 x 23 cm.
505 _aMedio ambiente: conceptos, interdisciplinariedad, estado actual -- Conceptos y extensión del medio ambiente -- Problemas medioambientales pendientes -- Contaminación atmosférica, la atmósfera y los contaminantes atmosféricos -- La Atmósfera -- Contaminantes atmosféricos -- Ejercicios de autocomprobación -- Soluciones a los ejercicios de autocomprobación -- Contaminación atmosférica II. dispersión de contaminantes y método de control -- El agua: estado natural. Propiedades contaminantes. análisis -- Tratamiento de aguas residuales -- Residuos urbanos, industriales y radiactivos -- Contaminación por agentes físicos -- Gestión ambiental -- Evaluación del impacto ambiental.
650 _aMEDIO AMBIENTE
650 _aCONTAMINACIÓN ATMOSFÉRICA
_959605
650 _aTRATAMIENTO DE AGUAS
_959606
700 _aContreras López, Alfonso, Molero Meneses Mariano
_eCoautores
_959607
942 _2ddc
_cBK
_e2025-09-30
_zMag. Cecilio Flores Noa
999 _c17414
_d17414